| 000 | 00448nam a2200157Ia 4500 | ||
|---|---|---|---|
| 008 | 221030s9999 xx 000 0 und d | ||
| 041 | _aEnglish | ||
| 082 | _a105.23 | ||
| 100 | _aA. Mehta | ||
| 245 | 0 |
_aTraining Notes on Energy Conservation & its Applicability in Pharma Industry _cby A. Mehta, S. K. Sharma, N. Langer |
|
| 260 |
_bMIET _aJammu _c2011 |
||
| 650 | _aTraining Notes | ||
| 700 | _aN. Langer | ||
| 700 | _aS. K. Sharma | ||
| 942 | _cBK | ||
| 999 |
_c9860 _d9860 |
||